000 00399nam a2200169Ia 4500
003 OSt
005 20240217121257.0
008 170619s9999 xx 000 0 und d
020 _a9780070486805
040 _cIIMT ENGINEERING COLLEGE
100 _aHadi Saadat
245 0 _aPower system analysis and design
260 _bMc Graw Hill
260 _c2002
546 _aENGLISH
942 _2ddc
_c01
999 _c18023
_d18023